| 000 | 00692nam a22002177a 4500 | ||
|---|---|---|---|
| 005 | 20100809143215.0 | ||
| 010 | _aENG-98785 | ||
| 020 |
_a9788199557168 _c100.00 |
||
| 035 | _aEN-82317 | ||
| 037 | _bDBAD/PUB | ||
| 082 | _a581.5 | ||
| 100 |
_aShanmugam, N. _99409 |
||
| 245 |
_aPlant ecology / _cby N.Shanmugam |
||
| 260 |
_aChennai _bNarayan Publications _c2009 |
||
| 270 |
_a6,Gajapathy Lane Triplicane, _bChennai _e5 |
||
| 300 | v |
_a115p. _c23cm (pbk) |
|
| 700 | _98297 | ||
| 700 | _98298 | ||
| 942 |
_2ddc _cEN _h581.5 _mSHA |
||
| 999 |
_c40376 _d40376 |
||